Indovina la città - Comuni limitrofi - Statistics

Statistiche generali
  • Questo quiz è stato fatto 56 volte
  • Il punteggio medio è 7 su 10
Statistiche sulle risposte
Risposta % Corretto
Nichelino Moncalieri Collegno Torino
88%
Palmas Arborea Nurachi Simaxis Oristano
74%
Tortona Solero Valenza Alessandria
72%
Chiasso Vacallo Cernobbio Como
72%
Massafra Grottaglie Statte Taranto
67%
Villa San Giovanni Motta San Giovanni Fiumara Reggio Calabria
65%
Campi Bisenzio Calenzano Agliana Prato
60%
San Genesio Atesino Cornedo all'Isarco Renon Bolzano
56%
Monrupino Muggia Sgonico Trieste
53%
Forlì del Sannio Fornelli Macchia Isernia
44%
Nessun quiz corrispondente trovato
Distribuzione punteggi
Percentuale di utenti per punteggio
Percentile per numero di risposta
I tuoi punteggi nel tempo
Non hai fatto questo quiz